000 00315nam a22001457a 4500
008 240205b ||||| |||| 00| 0 eng d
020 _a072163480
041 _aeng
080 _21992
_a61
082 _a61FIH
100 _a3
101 _aMJK
245 _aOUTPATIENT MEDICINE
_cSTEPHAN D.FIHN
942 _2udc
_cBK
999 _c60578
_d60578